Normal view
MARC view
- Liu, Xiaokang.
Entry Personal Name
001 - CONTROL NUMBER
- control field: 54546
003 - CONTROL NUMBER IDENTIFIER
- control field: OSt
005 - DATE AND TIME OF LATEST TRANSACTION
- control field: 20240313101146.0
008 - FIXED-LENGTH DATA ELEMENTS
- fixed length control field: 240313|| aca||aabn | a|a d
040 ## - CATALOGING SOURCE
- Original cataloging agency: OSt
- Transcribing agency: OSt
100 ## - HEADING--PERSONAL NAME
- Personal name: Liu, Xiaokang.
- Relator term: author.
670 ## - SOURCE DATA FOUND
- Source citation: Work cat.: (OSt): Liu, Xiaokang. author., A fast positive-sequence component extraction method with multiple disturbances in unbalanced conditions /, August 2022.
